| 000 | 00605nam a2200205 a 4500 | ||
|---|---|---|---|
| 001 | 3218 | ||
| 003 | CDMR | ||
| 005 | 20131002122645.0 | ||
| 008 | 130130s1983||||||||||||||||||||||||||||d | ||
| 020 | _a928710266X | ||
| 040 |
_aCDMR _bcat _cCDMR |
||
| 100 | 1 |
_aWendelbo, Harald _92334 |
|
| 245 | 1 | 0 | _aPrincipes et critères concernant le contenu des programmes de télévision |
| 260 |
_aStrasbourg _c1983 _bCouncil of Europe |
||
| 300 |
_a56 p. _c30 cm |
||
| 490 | 0 |
_aDossiers sur les Mass Media _v6 |
|
| 650 | 0 | 4 |
_93122 _aTelevisió _xProgrames |
| 650 | 0 | 4 |
_93730 _aPolítica de la televisió |
| 942 |
_cMON _2udc |
||
| 999 |
_c3218 _d3218 |
||